banner-ar

مقاتل الطالبين / (Record no. 59414)

MARC details
000 -الفاتح
حقل البيانات ثابتة الطول 00625nam a2200157Ia 4500
008 - عناصر البيانات ثابتة الطول - معلومات عامة
حقل البيانات ثابتة الطول 140319s9999 xx 000 0 ara d
040 ## - مصدر الفهرسة
وكالة الفهرسة الأصلية GCL /
وكالة النسخ GCL
082 04 - رقم تصنيف ديوى العشرى
رقم التصنيف م
رقم المادة 920.71
-- ا م
100 1# - المدخل الرئيسى - إسم شخصى
الإسم الشخصى السيد احمد صقر
245 10 - بيان العنوان
العنوان مقاتل الطالبين /
بيان المسئوليه,etc السيد احمد صقر
700 1# - المدخل الاضافى - اسم شخصى
الإسم الشخصى ابوالفرج الاصفهانى: على بن الحسين بن محمد بن الهيثم عبدالرحمن بن مروان البغدادى
260 ## - PUBLICATION, DISTRIBUTION, ETC. (IMPRINT)
تاريخ النشر أو التوزيع 1949
300 ## - الوصف المادى
التعداد 850 ص
490 ## - بيان السلسلة
عنوان السلسلة شكاوى المصرى الفصيح
رقم المجلد/ التعيين التسلسلي 0
260 ## - PUBLICATION, DISTRIBUTION, ETC. (IMPRINT)
-- [S.N] :
-- دار احياء الكتب العربية ،
Holdings
حالة التراجع حالة الفقد حالة تلف ليس للاعارة المكان المؤقت الموقع الحالى تاريخ الاكتساب اجمالي اﻻعارات رقم الطلب الباركود تاريخ اخر مشاهدة تاريخ تفعيل السعر نوع وعاء كوها
        مكتبة القاهرة الكبرى مكتبة القاهرة الكبرى 03/26/2014   م\920.71\ا م 155180 03/26/2014 03/26/2014 المراجع
        مكتبة القاهرة الكبرى مكتبة القاهرة الكبرى 03/26/2014   م\920.71\ا م 155181 03/26/2014 03/26/2014 المراجع
        مكتبة القاهرة الكبرى مكتبة القاهرة الكبرى 03/26/2014   م\920.71\ا م 155182 03/26/2014 03/26/2014 المراجع
        مكتبة القاهرة الكبرى مكتبة القاهرة الكبرى 03/26/2014   م\920.71\ا م 155183 03/26/2014 03/26/2014 المراجع
        مكتبة القاهرة الكبرى مكتبة القاهرة الكبرى 03/26/2014   م\920.71\ا م 155184 03/26/2014 03/26/2014 المراجع
        مكتبة القاهرة الكبرى مكتبة القاهرة الكبرى 03/26/2014   م\920.71\ا م 155185 03/26/2014 03/26/2014 المراجع
        مكتبة القاهرة الكبرى مكتبة القاهرة الكبرى 03/26/2014   م\920.71\ا م 155186 03/26/2014 03/26/2014 المراجع
        مكتبة القاهرة الكبرى مكتبة القاهرة الكبرى 03/26/2014   م\920.71\ا م 155187 03/26/2014 03/26/2014 المراجع

Powered By

EGPV